A manual and grammar of the Yiddish language /

Bibliographic Details
Main Author: Mazin, Jacob Raphael
Other Authors: De Woolf, S.
Format: Book
Language:English
Yiddish
Published: London : Mazin, 1927.
Edition:Enl. and rev. ed.
Subjects:

MARC

Tag First Indicator Second Indicator Subfields
LEADER 00000cam a22000007 4500
001 in00000008965
005 20151007051442.0
008 840814s1927 enk 00010 eng d
035 |a (OCoLC)11053907 
035 |9 AAA3035AM 
040 |a BOS  |c BOS  |d TXA  |d UtOrBLW 
041 0 |a eng  |a yid 
049 |a TXAM  |c [A12622271] 
050 4 |a PJ5116  |b .F27 1927 
100 1 |a Mazin, Jacob Raphael. 
245 1 2 |a A manual and grammar of the Yiddish language /  |c by J. Mazin and S. De Woolf. 
250 |a Enl. and rev. ed. 
264 1 |a London :  |b Mazin,  |c 1927. 
300 |a 156, 3 pages 
336 |a text  |b txt  |2 rdacontent 
337 |a unmediated  |b n  |2 rdamedia 
338 |a volume  |b nc  |2 rdacarrier 
650 0 |a Yiddish language  |x Grammar. 
700 1 |a De Woolf, S. 
999 |a MARS 
999 f f |s 7cfc1de2-0783-38a7-afeb-7c844329bc96  |i cc9b0b61-412d-3cbc-8bd6-97566b63db03  |t 0 
952 f f |p normal  |a Texas A&M University  |b College Station  |c Sterling C. Evans Library  |d Evans: Library Stacks  |t 0  |e PJ5116 .F27 1927  |h Library of Congress classification  |i unmediated -- volume  |m A14812622271 
998 f f |a PJ5116 .F27 1927  |t 0  |l Evans: Library Stacks